000
00453nam a2200145Ia 4500
008
100122s9999 xx 000 0 und d
082
_b
31701
_a
741.092
100
_a
लचके हरिचंद्र
245
_a
हसा आणि हसवा
260
_b
लचके आर्ट स्टुडिओ
_c
1981
300
_a
160
630
_a
हसा आणि हसवा
730
_a
हसा आणि हसवा
942
_c
BOOK
999
_c
416225
_d
416222